[Event "43. Olimpiada Batumi 2018 Femenina"]
[Site "Batumi GEO"]
[Date "2018.10.01"]
[Round "7.1"]
[White "Gerasimova, Svetlana"]
[Black "Lieketseng, Ngatane"]
[Result "1-0"]
[WhiteElo "1966"]
[BlackElo "1518"]
[PlyCount "129"]
[EventDate "2018.09.24"]
[EventType "team-swiss"]
[EventRounds "11"]
[EventCountry "GEO"]
[SourceTitle "Ajedrez en Madrid"]
[Source "lmi"]
[SourceDate "2018.09.24"]
[WhiteTeam "IPCA"]
[BlackTeam "Lesotho"]
[BlackTeamCountry "LES"]

1. e4 c5 2. Nf3 e6 3. d4 cxd4 4. Nxd4 a6 5. Be3 d6 6. Nc3 Nf6 7. f3 Be7 8. Qd2
b5 9. O-O-O Bb7 10. g4 h6 11. h4 Nc6 12. Nxc6 Bxc6 13. Rg1 Nd7 14. g5 hxg5 15.
hxg5 g6 16. Ne2 e5 17. Nc3 Qa5 18. Kb1 Nb6 19. Nxb5 Qxd2 20. Rxd2 axb5 21. Bxb6
Kd7 22. c4 bxc4 23. Bxc4 Rh7 24. Rgd1 Ke8 25. Be3 Rh5 26. Bd5 Bxd5 27. Rxd5 Rh3
28. Rf1 Rc8 29. Bd2 Kd7 30. a4 Rc5 31. Rxc5 dxc5 32. Kc2 Kc6 33. Kc3 Kb6 34.
Kc4 Kc6 35. a5 Rh8 36. Ra1 Ra8 37. Be3 Ra6 38. Bd2 Ra8 39. Ra3 Ra6 40. Rd3 Bd6
41. Rd5 Ra8 42. b4 cxb4 43. Bxb4 Bxb4 44. Kxb4 Rb8+ 45. Kc4 Re8 46. Rb5 Kd6 47.
Rb6+ Kc7 48. Kc5 Ra8 49. a6 Ra7 50. Rb7+ Rxb7 51. axb7 Kxb7 52. Kd6 Kc8 53.
Kxe5 Kd8 54. Kf6 Ke8 55. f4 Kf8 56. f5 gxf5 57. exf5 Kg8 58. Ke7 Kg7 59. Ke8 f6
60. g6 Kg8 61. Ke7 Kg7 62. Ke6 Kh8 63. Kxf6 Kg8 64. g7 Kh7 65. Kf7 1-0

[Event "43. Olimpiada Batumi 2018 Femenina"]
[Site "Batumi GEO"]
[Date "2018.10.01"]
[Round "7.3"]
[White "Aleksandrova, Aleksandra"]
[Black "Malillo, Phera"]
[Result "1-0"]
[WhiteElo "1801"]
[BlackElo "1350"]
[PlyCount "65"]
[EventDate "2018.09.24"]
[EventType "team-swiss"]
[EventRounds "11"]
[EventCountry "GEO"]
[SourceTitle "Ajedrez en Madrid"]
[Source "lmi"]
[SourceDate "2018.09.24"]
[WhiteTeam "IPCA"]
[BlackTeam "Lesotho"]
[BlackTeamCountry "LES"]

1. d4 Nf6 2. Nf3 g6 3. Nbd2 Bg7 4. e4 d6 5. c3 Nbd7 6. Qb3 O-O 7. Bc4 e5 8. Ng5
Qe7 9. d5 Nb6 10. Be2 Nfxd5 11. Nxh7 Kxh7 12. exd5 e4 13. c4 Re8 14. Nf1 c6 15.
Be3 Nd7 16. h4 Kg8 17. h5 Qf6 18. hxg6 Qxg6 19. Bh5 Qxg2 20. Rh2 Qg1 21. dxc6
bxc6 22. c5 d5 23. f4 exf3 24. O-O-O Rxe3 25. Qxe3 Qxe3+ 26. Nxe3 Nxc5 27. Bxf3
Rb8 28. b3 Kf8 29. Rh5 Bb7 30. Nf5 Bf6 31. Rdh1 Nd3+ 32. Kd2 Nf4 33. Rh8+ 1-0

[Event "43. Olimpiada Batumi 2018 Femenina"]
[Site "Batumi GEO"]
[Date "2018.10.01"]
[Round "7.4"]
[White "McPherson, Naleli"]
[Black "Kaydanovich, Marina"]
[Result "0-1"]
[WhiteElo "1267"]
[BlackElo "1725"]
[PlyCount "68"]
[EventDate "2018.09.24"]
[EventType "team-swiss"]
[EventRounds "11"]
[EventCountry "GEO"]
[SourceTitle "Ajedrez en Madrid"]
[Source "lmi"]
[SourceDate "2018.09.24"]
[WhiteTeam "Lesotho"]
[BlackTeam "IPCA"]
[WhiteTeamCountry "LES"]

1. e4 e5 2. Nf3 Nc6 3. Bc4 Bc5 4. O-O Nf6 5. d3 d6 6. Nbd2 O-O 7. Re1 Ng4 8.
Rf1 Na5 9. Bb3 Nxb3 10. axb3 c6 11. h3 Nf6 12. Re1 Ne8 13. Nf1 f5 14. exf5 Bxf5
15. Ng3 Bd7 16. Qe2 Nf6 17. Ne4 Nxe4 18. Qxe4 Qf6 19. Qe2 Bxh3 20. gxh3 Qxf3
21. Qxf3 Rxf3 22. Kg2 Rxf2+ 23. Kg3 Rxc2 24. Rf1 Rf8 25. Rxf8+ Kxf8 26. Kf3 Kf7
27. Rb1 Ke6 28. Ra1 Rf2+ 29. Kg3 Rf1 30. Kg2 Rd1 31. Kf3 Rxd3+ 32. Kg4 Rxb3 33.
h4 d5 34. Ra2 e4 0-1

[Event "43. Olimpiada Batumi 2018 Femenina"]
[Site "Batumi GEO"]
[Date "2018.10.01"]
[Round "7.1"]
[White "Zsiltzova-Lisenko, Lubov"]
[Black "Atikankhotchasee, Manunthon"]
[Result "0-1"]
[WhiteElo "2214"]
[BlackElo "1667"]
[PlyCount "82"]
[EventDate "2018.09.24"]
[EventType "team-swiss"]
[EventRounds "11"]
[EventCountry "GEO"]
[SourceTitle "Ajedrez en Madrid"]
[Source "lmi"]
[SourceDate "2018.09.24"]
[WhiteTeam "IBCA"]
[BlackTeam "Thailand"]
[BlackTeamCountry "THA"]

1. e4 c5 2. Nc3 Nc6 3. g3 g6 4. Bg2 Bg7 5. d3 e6 6. f4 Nge7 7. Nf3 d5 8. e5 f6
9. exf6 Bxf6 10. O-O Nd4 11. Kh1 Nxf3 12. Qxf3 O-O 13. Bd2 Bd7 14. Rac1 Nf5 15.
b3 Bc6 16. Rfe1 Bxc3 17. Bxc3 d4 18. Qe2 Bxg2+ 19. Qxg2 dxc3 20. Rxe6 Qd7 21.
Rce1 Rae8 22. Rxe8 Rxe8 23. Rxe8+ Qxe8 24. Qxb7 Qe1+ 25. Kg2 Qe2+ 26. Kh3 Qh5+
27. Kg2 Qe2+ 28. Kh3 Qe7 29. Qd5+ Kg7 30. Qc4 Ne3 31. Qxc3+ Kh6 32. g4 Qe6 33.
f5 gxf5 34. Qxc5 fxg4+ 35. Kg3 Kg6 36. Qxa7 Qe5+ 37. Kf2 Qxh2+ 38. Ke1 Qg1+ 39.
Ke2 Qd1+ 40. Kf2 Qf1+ 41. Kg3 Qf3+ 0-1

[Event "43. Olimpiada Batumi 2018 Femenina"]
[Site "Batumi GEO"]
[Date "2018.10.01"]
[Round "7.2"]
[White "Chuemsakul, Sarocha"]
[Black "Stolarczyk, Anna"]
[Result "1/2-1/2"]
[WhiteElo "1620"]
[BlackElo "1984"]
[PlyCount "114"]
[EventDate "2018.09.24"]
[EventType "team-swiss"]
[EventRounds "11"]
[EventCountry "GEO"]
[SourceTitle "Ajedrez en Madrid"]
[Source "lmi"]
[SourceDate "2018.09.24"]
[WhiteTeam "Thailand"]
[BlackTeam "IBCA"]
[WhiteTeamCountry "THA"]

1. d4 d5 2. c4 c6 3. Nf3 Nf6 4. Nc3 g6 5. Bf4 Bg7 6. e3 O-O 7. cxd5 Nxd5 8. Bg3
Qa5 9. Qd2 Nxc3 10. bxc3 Bf5 11. Bd3 Bxd3 12. Qxd3 c5 13. O-O cxd4 14. cxd4 Nc6
15. Rab1 b6 16. a3 e6 17. Rfc1 Rac8 18. Rc2 Ne7 19. Rbc1 Qd5 20. Rc7 Rxc7 21.
Rxc7 Rc8 22. Qc2 Rxc7 23. Qxc7 Qc6 24. Qd8+ Bf8 25. h3 Qc8 26. Qxc8 Nxc8 27. a4
f6 28. Nd2 Kf7 29. Kf1 Bd6 30. Bxd6 Nxd6 31. Ke2 Ke7 32. e4 Nf7 33. Kd3 Kd6 34.
f4 f5 35. e5+ Kd5 36. Nb1 a6 37. Nc3+ Kc6 38. Kc4 Nd8 39. Na2 b5+ 40. axb5+
axb5+ 41. Kd3 Nb7 42. Nb4+ Kd7 43. Kc3 Nd8 44. Nd3 Kc6 45. Nb4+ Kd7 46. d5 exd5
47. Nxd5 Ne6 48. g3 g5 49. Kb4 gxf4 50. gxf4 Kc6 51. Ne7+ Kb6 52. Nd5+ Kc6 53.
Ne7+ Kd7 54. Nd5 Kc6 55. Ne7+ Kd7 56. Nd5 Kc6 57. Ne7+ Kd7 1/2-1/2

[Event "43. Olimpiada Batumi 2018 Femenina"]
[Site "Batumi GEO"]
[Date "2018.10.01"]
[Round "7.3"]
[White "Zarubinskaya, Irina"]
[Black "Prommuang, Araya"]
[Result "0-1"]
[WhiteElo "1772"]
[BlackElo "1495"]
[PlyCount "48"]
[EventDate "2018.09.24"]
[EventType "team-swiss"]
[EventRounds "11"]
[EventCountry "GEO"]
[SourceTitle "Ajedrez en Madrid"]
[Source "lmi"]
[SourceDate "2018.09.24"]
[WhiteTeam "IBCA"]
[BlackTeam "Thailand"]
[BlackTeamCountry "THA"]

1. e4 e5 2. Nc3 Nf6 3. Bc4 Bb4 4. d3 d6 5. h3 Nc6 6. Nge2 Bd7 7. O-O h6 8. Nd5
Ba5 9. f4 Bb6+ 10. Nxb6 axb6 11. c3 O-O 12. Ng3 Na5 13. Bb3 Nxb3 14. Qxb3 Ba4
15. Qa3 Bc2 16. Qb4 Ra4 17. fxe5 Rxb4 18. exf6 Ra4 19. Nf5 Bxd3 20. fxg7 Re8
21. Nxh6+ Kxg7 22. Rxf7+ Kg6 23. h4 Qxh4 24. Nf5 Qe1+ 0-1

[Event "43. Olimpiada Batumi 2018 Femenina"]
[Site "Batumi GEO"]
[Date "2018.10.01"]
[Round "7.4"]
[White "Singsomroj, Sornsawan"]
[Black "Vaishali Nrendra, Salavkar"]
[Result "0-1"]
[WhiteElo "1340"]
[BlackElo "1357"]
[PlyCount "150"]
[EventDate "2018.09.24"]
[EventType "team-swiss"]
[EventRounds "11"]
[EventCountry "GEO"]
[SourceTitle "Ajedrez en Madrid"]
[Source "lmi"]
[SourceDate "2018.09.24"]
[WhiteTeam "Thailand"]
[BlackTeam "IBCA"]
[WhiteTeamCountry "THA"]

1. e4 d5 2. exd5 Qxd5 3. Nc3 Qa5 4. d4 Nf6 5. Nf3 Bf5 6. Bc4 e6 7. Bd2 c6 8.
Nd5 Qd8 9. Nxf6+ Qxf6 10. Bg5 Qg6 11. Bd3 Bxd3 12. Qxd3 Qxd3 13. cxd3 Nd7 14.
Ne5 Nb6 15. Nc4 Nd5 16. O-O h6 17. Be3 Be7 18. a3 O-O 19. Rac1 a5 20. Ne5 Rfd8
21. g3 Bd6 22. Rfd1 Rac8 23. Bd2 Ra8 24. Nc4 Bc7 25. Ne3 Bb6 26. Bc3 Nf6 27.
Nc2 Rd7 28. f4 Nd5 29. Kf2 Nf6 30. Kf3 Nd5 31. Ne3 Nf6 32. Nc2 Nd5 33. Ne3 Rad8
34. Nc4 Ra8 35. Nxb6 Nxb6 36. Re1 Nd5 37. Bd2 Nc7 38. Be3 Nb5 39. Rc4 Nd6 40.
Rc5 Nb5 41. Rc4 Rad8 42. Rc5 Nxd4+ 43. Bxd4 Rxd4 44. Rxa5 Rxd3+ 45. Kf2 Rd2+
46. Re2 R2d5 47. Ra7 R5d7 48. Rc2 Kf8 49. b4 Ke8 50. Ke2 Ke7 51. a4 Kf6 52. b5
cxb5 53. axb5 b6 54. Ra6 Rd6 55. Rc6 Rxc6 56. bxc6 Rb8 57. Ra7 Rc8 58. c7 Ke7
59. Rb7 Kd7 60. Rxb6 Rxc7 61. Kf3 Ke7 62. h4 f5 63. Rb3 Kf6 64. g4 fxg4+ 65.
Kxg4 g6 66. h5 gxh5+ 67. Kxh5 Rc8 68. Rg3 Kf5 69. Rg6 Rc4 70. Kxh6 Rxf4 71. Kh5
Rf1 72. Rg5+ Ke4 73. Ra5 e5 74. Ra4+ Kf5 75. Kh4 Rf4+ 0-1

[Event "43. Olimpiada Batumi 2018 Femenina"]
[Site "Batumi GEO"]
[Date "2018.10.01"]
[Round "7.1"]
[White "Narva, Mai"]
[Black "Fierro Baquero, Martha L"]
[Result "1-0"]
[WhiteElo "2320"]
[BlackElo "2369"]
[PlyCount "139"]
[EventDate "2018.09.24"]
[EventType "team-swiss"]
[EventRounds "11"]
[EventCountry "GEO"]
[SourceTitle "Ajedrez en Madrid"]
[Source "lmi"]
[SourceDate "2018.09.24"]
[WhiteTeam "Estonia"]
[BlackTeam "Ecuador"]
[WhiteTeamCountry "EST"]
[BlackTeamCountry "ECU"]

1. e4 g6 2. d4 Bg7 3. Nc3 c6 4. Nf3 d6 5. Be2 Nf6 6. O-O O-O 7. a4 Qc7 8. h3
Nbd7 9. Be3 Re8 10. Qd2 e5 11. dxe5 dxe5 12. a5 Bf8 13. Bc4 b5 14. axb6 Nxb6
15. Bxb6 Qxb6 16. Qg5 Kg7 17. b3 h6 18. Qh4 Nh5 19. Na4 Qc7 20. g4 Be7 21. g5
hxg5 22. Nxg5 Bxg5 23. Qxg5 Nf4 24. Qg3 Nxh3+ 25. Kg2 Nf4+ 26. Kf3 Be6 27. Nb2
Rh8 28. Rh1 Qe7 29. Bxe6 Qxe6 30. Nc4 Qf6 31. Ke3 g5 32. Qg4 Ne6 33. Qf5 Rxh1
34. Rxh1 Qxf5 35. exf5 Nd4 36. Nxe5 Nxf5+ 37. Ke4 Ne7 38. Rd1 Re8 39. Rd7 f5+
40. Kd4 Kf6 41. Rd6+ Kg7 42. c4 f4 43. Ke4 c5 44. Re6 Kf8 45. Kf3 Ng8 46. Nd7+
Kf7 47. Rxe8 Kxe8 48. Nxc5 Kf7 49. b4 Ne7 50. Ne4 Kg6 51. Nd6 Kf6 52. Ke4 Ke6
53. Ne8 Kd7 54. Nf6+ Kd6 55. Nh7 Nc6 56. c5+ Kc7 57. b5 Na5 58. Nxg5 Nb3 59.
Kd5 Kd7 60. Ne6 f3 61. Nd4 Nd2 62. Nc6 Nb1 63. b6 axb6 64. cxb6 Nc3+ 65. Kd4
Kxc6 66. Kxc3 Kxb6 67. Kd4 Kc6 68. Ke4 Kd6 69. Kxf3 Ke5 70. Kg4 1-0

[Event "43. Olimpiada Batumi 2018 Femenina"]
[Site "Batumi GEO"]
[Date "2018.10.01"]
[Round "7.2"]
[White "Ortiz Verdesoto, Anahi"]
[Black "Tsiganova, Monika"]
[Result "1-0"]
[WhiteElo "1954"]
[BlackElo "2102"]
[PlyCount "79"]
[EventDate "2018.09.24"]
[EventType "team-swiss"]
[EventRounds "11"]
[EventCountry "GEO"]
[SourceTitle "Ajedrez en Madrid"]
[Source "lmi"]
[SourceDate "2018.09.24"]
[WhiteTeam "Ecuador"]
[BlackTeam "Estonia"]
[WhiteTeamCountry "ECU"]
[BlackTeamCountry "EST"]

1. d4 Nf6 2. c4 e6 3. Nf3 b6 4. g3 Ba6 5. b3 Bb4+ 6. Bd2 Be7 7. Nc3 d5 8. Bg2
Bb7 9. cxd5 exd5 10. O-O O-O 11. Bf4 Na6 12. a3 c5 13. e3 Nc7 14. Bxc7 Qxc7 15.
Qb1 Ne4 16. Rc1 Nxc3 17. Rxc3 Bf6 18. Qd3 a5 19. Rac1 Qe7 20. a4 Rfd8 21. R3c2
Ba6 22. Qd2 c4 23. bxc4 Bxc4 24. Rb2 Rab8 25. Rcb1 Qc7 26. Qc2 Qd6 27. Nd2 Ba6
28. Rb3 Rdc8 29. Qb2 Bd8 30. e4 dxe4 31. Nxe4 Qg6 32. Re1 Bc7 33. Rc3 Bb7 34.
Qb5 f5 35. Nf6+ Qxf6 36. Bxb7 Rxb7 37. Qd5+ Qf7 38. Qxb7 Qd7 39. Rec1 Re8 40.
Qxc7 1-0

[Event "43. Olimpiada Batumi 2018 Femenina"]
[Site "Batumi GEO"]
[Date "2018.10.01"]
[Round "7.3"]
[White "Narva, Triin"]
[Black "Romero Echeverria, Abigail"]
[Result "1/2-1/2"]
[WhiteElo "2113"]
[BlackElo "2034"]
[PlyCount "77"]
[EventDate "2018.09.24"]
[EventType "team-swiss"]
[EventRounds "11"]
[EventCountry "GEO"]
[SourceTitle "Ajedrez en Madrid"]
[Source "lmi"]
[SourceDate "2018.09.24"]
[WhiteTeam "Estonia"]
[BlackTeam "Ecuador"]
[WhiteTeamCountry "EST"]
[BlackTeamCountry "ECU"]

1. e4 c5 2. Nf3 e6 3. Nc3 a6 4. g3 b5 5. Bg2 Bb7 6. d3 d6 7. O-O Nd7 8. Ng5
Ngf6 9. f4 Qb6 10. Qe2 h6 11. Nh3 Be7 12. e5 Nd5 13. Nxd5 Bxd5 14. Bxd5 exd5
15. e6 fxe6 16. Qxe6 Nf6 17. f5 Qb7 18. Nf4 Qd7 19. Nxd5 Qxe6 20. Nc7+ Kd7 21.
Nxe6 g6 22. Nf4 gxf5 23. Ng6 Rh7 24. Rxf5 Ng8 25. Bd2 Bf6 26. Raf1 Bd4+ 27. Kg2
Rg7 28. Nf4 Bxb2 29. Nd5 Kc6 30. c4 Raa7 31. Rf8 bxc4 32. dxc4 Ne7 33. Bxh6 Rh7
34. Nxe7+ Raxe7 35. Bf4 Re2+ 36. Kf3 Rexh2 37. Rd8 Rd7 38. Re8 Bd4 39. Re2
1/2-1/2

[Event "43. Olimpiada Batumi 2018 Femenina"]
[Site "Batumi GEO"]
[Date "2018.10.01"]
[Round "7.4"]
[White "Sarmiento Robles, Paula"]
[Black "Olde, Grete"]
[Result "1-0"]
[WhiteElo "1750"]
[BlackElo "1907"]
[PlyCount "95"]
[EventDate "2018.09.24"]
[EventType "team-swiss"]
[EventRounds "11"]
[EventCountry "GEO"]
[SourceTitle "Ajedrez en Madrid"]
[Source "lmi"]
[SourceDate "2018.09.24"]
[WhiteTeam "Ecuador"]
[BlackTeam "Estonia"]
[WhiteTeamCountry "ECU"]
[BlackTeamCountry "EST"]

1. d4 d5 2. c4 e6 3. Nc3 Be7 4. Nf3 Nf6 5. Bf4 O-O 6. e3 b6 7. cxd5 exd5 8. Bd3
Bb7 9. O-O c5 10. Ne5 Nbd7 11. Qf3 a6 12. Bf5 Nb8 13. Qh3 g6 14. Bh6 Nc6 15.
Bxf8 Bxf8 16. Be6 Nxe5 17. dxe5 fxe6 18. Qxe6+ Kg7 19. exf6+ Qxf6 20. Qd7+ Qf7
21. Qxf7+ Kxf7 22. Rfd1 Rd8 23. Rac1 Be7 24. Na4 Rd6 25. b4 c4 26. e4 b5 27.
Nc5 Bc6 28. exd5 Bxd5 29. Nxa6 Rxa6 30. Rxd5 Rxa2 31. Rxb5 c3 32. g3 Bf6 33.
Rb7+ Kg8 34. Rd7 h6 35. b5 Rb2 36. Ra1 Bg7 37. Ra8+ Bf8 38. Rc7 c2 39. Kg2 Rxb5
40. Rxc2 Rf5 41. Rc7 Rf6 42. f4 Rf5 43. Kf3 Rf6 44. Ke4 Rb6 45. Rcc8 Rf6 46.
Ke5 Rf5+ 47. Ke6 h5 48. Rxf8+ 1-0

[Event "43. Olimpiada Batumi 2018 Femenina"]
[Site "Batumi GEO"]
[Date "2018.10.01"]
[Round "7.1"]
[White "Terao, Juliana Sayumi"]
[Black "Mendez Tovar, Yessica Yissel"]
[Result "1/2-1/2"]
[WhiteElo "2255"]
[BlackElo "2126"]
[PlyCount "60"]
[EventDate "2018.09.24"]
[EventType "team-swiss"]
[EventRounds "11"]
[EventCountry "GEO"]
[SourceTitle "Ajedrez en Madrid"]
[Source "lmi"]
[SourceDate "2018.09.24"]
[WhiteTeam "Brazil"]
[BlackTeam "Mexico"]
[WhiteTeamCountry "BRA"]
[BlackTeamCountry "MEX"]

1. e4 c5 2. c3 g6 3. d4 cxd4 4. cxd4 d5 5. e5 Bg7 6. h3 Nc6 7. Nc3 Nh6 8. g4 f6
9. exf6 exf6 10. Bg2 Be6 11. Nge2 g5 12. Qb3 O-O 13. Qxb7 Rc8 14. Be3 f5 15. f3
Re8 16. O-O f4 17. Bf2 Nf7 18. a3 Nd6 19. Qa6 Nc4 20. b4 Rc7 21. Rac1 Nb2 22.
Rc2 Nb8 23. Qa5 Nc6 24. Qa6 Nb8 25. Qa5 Nc6 26. Qa6 Nb8 27. Qa5 Nc6 28. Qa6 Nb8
29. Qa5 Nc6 30. Qa6 Nb8 1/2-1/2

[Event "43. Olimpiada Batumi 2018 Femenina"]
[Site "Batumi GEO"]
[Date "2018.10.01"]
[Round "7.2"]
[White "Fuentes Godoy, Lilia Ivonne"]
[Black "Alboredo, Julia"]
[Result "1/2-1/2"]
[WhiteElo "2079"]
[BlackElo "2174"]
[PlyCount "108"]
[EventDate "2018.09.24"]
[EventType "team-swiss"]
[EventRounds "11"]
[EventCountry "GEO"]
[SourceTitle "Ajedrez en Madrid"]
[Source "lmi"]
[SourceDate "2018.09.24"]
[WhiteTeam "Mexico"]
[BlackTeam "Brazil"]
[WhiteTeamCountry "MEX"]
[BlackTeamCountry "BRA"]

1. d4 Nf6 2. c4 g6 3. Nc3 Bg7 4. e4 d6 5. Be2 O-O 6. Bg5 Na6 7. Qd2 e5 8. d5
Qe8 9. Bd1 Bd7 10. Nge2 Ng4 11. f3 f6 12. h3 fxg5 13. hxg4 Qe7 14. Ba4 Bxa4 15.
Nxa4 c5 16. Nac3 Nc7 17. Qe3 a6 18. Kd2 b5 19. b3 Rab8 20. Rab1 bxc4 21. bxc4
Na8 22. Kd3 h6 23. Rxb8 Rxb8 24. Rb1 Rxb1 25. Nxb1 Qb7 26. Qc1 Bf6 27. Nec3 Bd8
28. Qa3 Nb6 29. Nd2 Kf7 30. Nb3 Nd7 31. Nd2 Ke7 32. Qc1 Ba5 33. Nb3 Qb4 34.
Nxa5 Qxa5 35. Qh1 Qb4 36. Qxh6 Nb6 37. Qg7+ Kd8 38. Qf6+ Kd7 39. Qe6+ Kc7 40.
Qe7+ Kc8 41. Qxd6 Qxc4+ 42. Kc2 Qb4 43. Qc6+ Kb8 44. Qe8+ Ka7 45. Qe7+ Ka8 46.
Qe8+ Ka7 47. a3 Qd4 48. Qe7+ Ka8 49. Qd8+ Kb7 50. d6 Qf2+ 51. Kc1 Qe3+ 52. Kc2
Qf2+ 53. Kc1 Qe3+ 54. Kc2 Qf2+ 1/2-1/2

[Event "43. Olimpiada Batumi 2018 Femenina"]
[Site "Batumi GEO"]
[Date "2018.10.01"]
[Round "7.3"]
[White "Librelato, Kathie Goulart"]
[Black "Real Pereyra, Diana Carime"]
[Result "1-0"]
[WhiteElo "2110"]
[BlackElo "2110"]
[PlyCount "95"]
[EventDate "2018.09.24"]
[EventType "team-swiss"]
[EventRounds "11"]
[EventCountry "GEO"]
[SourceTitle "Ajedrez en Madrid"]
[Source "lmi"]
[SourceDate "2018.09.24"]
[WhiteTeam "Brazil"]
[BlackTeam "Mexico"]
[WhiteTeamCountry "BRA"]
[BlackTeamCountry "MEX"]

1. d4 Nf6 2. c4 c5 3. d5 d6 4. Nc3 g6 5. e4 Bg7 6. Nf3 O-O 7. Be2 e5 8. O-O Ne8
9. Ne1 f5 10. exf5 gxf5 11. f4 e4 12. Bd2 Rf6 13. Nc2 Rh6 14. Be1 a6 15. Rb1
Nd7 16. Qd2 b6 17. Bf2 Nf8 18. b4 Bf6 19. Rb3 Ra7 20. Rfb1 Rg7 21. bxc5 bxc5
22. Na4 Ng6 23. Rb8 Bh4 24. g3 Nxf4 25. Kh1 Nh3 26. Qxh6 Nxf2+ 27. Kg2 Bg5 28.
Qe6+ Bxe6 29. Rxd8 Bxd8 30. dxe6 Nd3 31. Bxd3 exd3 32. Ne3 Re7 33. Nxf5 Rxe6
34. Nc3 Ba5 35. Nd5 Bb4 36. Rd1 Re2+ 37. Kf3 Rxa2 38. Rxd3 Rxh2 39. Re3 Kf8 40.
Re7 Rh1 41. Nf4 Nf6 42. Ne6+ Kg8 43. Rg7+ Kh8 44. Nxd6 Rf1+ 45. Kg2 Nh5 46.
Nf7+ Rxf7 47. Rxf7 h6 48. g4 1-0

[Event "43. Olimpiada Batumi 2018 Femenina"]
[Site "Batumi GEO"]
[Date "2018.10.01"]
[Round "7.4"]
[White "Garcia Morales, Ivette Ale"]
[Black "Rothebarth, Ana Vitoria de Paul"]
[Result "1/2-1/2"]
[WhiteElo "2013"]
[BlackElo "2063"]
[PlyCount "132"]
[EventDate "2018.09.24"]
[EventType "team-swiss"]
[EventRounds "11"]
[EventCountry "GEO"]
[SourceTitle "Ajedrez en Madrid"]
[Source "lmi"]
[SourceDate "2018.09.24"]
[WhiteTeam "Mexico"]
[BlackTeam "Brazil"]
[WhiteTeamCountry "MEX"]
[BlackTeamCountry "BRA"]

1. d4 Nf6 2. c4 e6 3. Nf3 b6 4. g3 Bb7 5. Bg2 Be7 6. O-O O-O 7. Nc3 Ne4 8. Bd2
f5 9. h4 Bf6 10. Rc1 Na6 11. a3 Qc8 12. b4 c5 13. bxc5 bxc5 14. d5 Nc7 15. Ng5
exd5 16. cxd5 Nxc3 17. Bxc3 Bxc3 18. Rxc3 d6 19. e4 h6 20. Ne6 Nxe6 21. dxe6
Qc7 22. Rb3 Bc6 23. exf5 Bxg2 24. Kxg2 Rxf5 25. Qb1 Rf6 26. Qe4 Re8 27. Rb7 Qc8
28. e7 Qe6 29. Re1 Qxe4+ 30. Rxe4 a5 31. Ra7 Kf7 32. f4 Re6 33. Ra4 R8xe7 34.
R4xa5 c4 35. Rf5+ Rf6 36. Rxe7+ Kxe7 37. Ra5 Ke6 38. Kf3 Rf7 39. Ke3 Rc7 40.
Kd2 d5 41. Kc2 h5 42. Rb5 Kd6 43. Kc3 Kc6 44. a4 Ra7 45. Kd4 Rxa4 46. Rc5+ Kd6
47. Rxd5+ Ke6 48. Rxh5 Kf6 49. Rg5 g6 50. Kc3 Kf7 51. f5 gxf5 52. Rxf5+ Kg6 53.
Rg5+ Kf6 54. g4 Ra3+ 55. Kxc4 Ra4+ 56. Kb5 Rf4 57. Kc5 Ra4 58. Kb5 Rf4 59. Rg8
Kf7 60. Rg5 Kf6 61. Kc5 Ra4 62. Kd6 Ra6+ 63. Kc7 Ra7+ 64. Kb6 Ra4 65. Kb5 Rf4
66. Kc5 Ra4 1/2-1/2

[Event "43. Olimpiada Batumi 2018 Femenina"]
[Site "Batumi GEO"]
[Date "2018.10.01"]
[Round "7.1"]
[White "Stetsko, Lanita"]
[Black "Ortez, Andrea"]
[Result "1-0"]
[WhiteElo "2188"]
[BlackElo "1772"]
[PlyCount "53"]
[EventDate "2018.09.24"]
[EventType "team-swiss"]
[EventRounds "11"]
[EventCountry "GEO"]
[SourceTitle "Ajedrez en Madrid"]
[Source "lmi"]
[SourceDate "2018.09.24"]
[WhiteTeam "Belarus"]
[BlackTeam "El Salvador"]
[WhiteTeamCountry "BLR"]
[BlackTeamCountry "ESA"]

1. e4 c5 2. Nf3 d6 3. Bb5+ Bd7 4. Bxd7+ Qxd7 5. c4 Nc6 6. d4 cxd4 7. Nxd4 g6 8.
Nc3 Bg7 9. Be3 Nf6 10. h3 O-O 11. O-O Rfc8 12. b3 Nxd4 13. Bxd4 b5 14. Nxb5
Nxe4 15. Bxg7 Kxg7 16. Qd4+ Nf6 17. Nc3 Kg8 18. Rfe1 a6 19. Rad1 Ra7 20. Qe3
Rac7 21. Rd4 Qf5 22. Rf4 Qa5 23. Rxf6 exf6 24. Nd5 Qxa2 25. Nxf6+ Kg7 26. Qd4
Qa5 27. Ng4+ 1-0

[Event "43. Olimpiada Batumi 2018 Femenina"]
[Site "Batumi GEO"]
[Date "2018.10.01"]
[Round "7.2"]
[White "Santos, Judith"]
[Black "Kusenkova, Natallia"]
[Result "0-1"]
[WhiteElo "1702"]
[BlackElo "2167"]
[PlyCount "130"]
[EventDate "2018.09.24"]
[EventType "team-swiss"]
[EventRounds "11"]
[EventCountry "GEO"]
[SourceTitle "Ajedrez en Madrid"]
[Source "lmi"]
[SourceDate "2018.09.24"]
[WhiteTeam "El Salvador"]
[BlackTeam "Belarus"]
[WhiteTeamCountry "ESA"]
[BlackTeamCountry "BLR"]

1. e4 e5 2. Nf3 Nc6 3. Bb5 a6 4. Ba4 Nf6 5. d3 b5 6. Bb3 Be7 7. c3 d6 8. O-O
O-O 9. Re1 Na5 10. Bc2 c5 11. Nbd2 Nc6 12. Nf1 h6 13. h3 Be6 14. Ng3 Re8 15. a4
Bf8 16. Qe2 d5 17. Qf1 d4 18. Nh4 g6 19. Nf3 Nd7 20. Nh2 Bg7 21. Bd2 Rc8 22.
Qe2 c4 23. Qf3 Nc5 24. axb5 axb5 25. Rad1 Qe7 26. Ng4 h5 27. Nh2 Red8 28. Bc1
b4 29. dxc4 Bxc4 30. cxb4 Nxb4 31. Bb1 Bb3 32. Rd2 Bh6 33. Ne2 Nc6 34. g4 h4
35. Rd3 Nxd3 36. Qxd3 Bxc1 37. Rxc1 Be6 38. Qd2 Kg7 39. Nf3 Bd7 40. Ne1 Nb4 41.
Nd3 Nxd3 42. Bxd3 Rxc1+ 43. Nxc1 Rb8 44. Bc4 Qb4 45. Qxb4 Rxb4 46. b3 Rb8 47.
Nd3 f6 48. Nc5 Bb5 49. f4 Bxc4 50. bxc4 exf4 51. Ne6+ Kf7 52. Nxd4 Rc8 53. Nf3
g5 54. e5 Rxc4 55. exf6 Kxf6 56. Kf2 Rc2+ 57. Kf1 Rc3 58. Ke2 Re3+ 59. Kf2
Rxf3+ 60. Kxf3 Ke5 61. Kf2 Kd4 62. Kf3 Kd3 63. Kf2 Kd2 64. Kf1 Ke3 65. Kg2 Ke2
0-1

[Event "43. Olimpiada Batumi 2018 Femenina"]
[Site "Batumi GEO"]
[Date "2018.10.01"]
[Round "7.3"]
[White "Ilyuchyk, Yana"]
[Black "Zavala Galindo, Alejandra Beatri"]
[Result "1-0"]
[WhiteElo "2114"]
[BlackElo "1713"]
[PlyCount "43"]
[EventDate "2018.09.24"]
[EventType "team-swiss"]
[EventRounds "11"]
[EventCountry "GEO"]
[SourceTitle "Ajedrez en Madrid"]
[Source "lmi"]
[SourceDate "2018.09.24"]
[WhiteTeam "Belarus"]
[BlackTeam "El Salvador"]
[WhiteTeamCountry "BLR"]
[BlackTeamCountry "ESA"]

1. e4 c5 2. Nf3 d6 3. d4 cxd4 4. Nxd4 Nf6 5. Nc3 Nc6 6. Bg5 e6 7. Qd2 a6 8.
O-O-O h6 9. Nxc6 bxc6 10. Bf4 d5 11. Qe3 Be7 12. Be2 Qa5 13. Qg3 g6 14. Be5 O-O
15. h4 Nd7 16. Bc7 Qc5 17. exd5 cxd5 18. Bd3 Kh7 19. h5 Rg8 20. hxg6+ fxg6 21.
Bf4 Bf8 22. Qg5 1-0

[Event "43. Olimpiada Batumi 2018 Femenina"]
[Site "Batumi GEO"]
[Date "2018.10.01"]
[Round "7.4"]
[White "Garcia Mendez, Alcira Guadalupe"]
[Black "Kaliadzich, Maryia"]
[Result "0-1"]
[WhiteElo "1741"]
[BlackElo "2040"]
[PlyCount "60"]
[EventDate "2018.09.24"]
[EventType "team-swiss"]
[EventRounds "11"]
[EventCountry "GEO"]
[SourceTitle "Ajedrez en Madrid"]
[Source "lmi"]
[SourceDate "2018.09.24"]
[WhiteTeam "El Salvador"]
[BlackTeam "Belarus"]
[WhiteTeamCountry "ESA"]
[BlackTeamCountry "BLR"]

1. e4 c6 2. d4 d5 3. exd5 cxd5 4. c4 Nf6 5. Nc3 e6 6. Nf3 Be7 7. Bf4 O-O 8. Bd3
dxc4 9. Bxc4 Nc6 10. O-O Nb4 11. Rc1 Nbd5 12. Bg3 b6 13. Re1 Bb7 14. Ne5 Nxc3
15. bxc3 Nd5 16. Bd3 Bg5 17. Qh5 f5 18. Rc2 Nf4 19. Bxf4 Bxf4 20. Nf3 Rf6 21.
Ng5 Bxg5 22. Qxg5 Bxg2 23. Rce2 Bd5 24. Kf1 Qc7 25. Rxe6 Rxe6 26. Qxf5 Rxe1+
27. Kxe1 Qxc3+ 28. Kd1 Qa1+ 29. Kd2 Qxa2+ 30. Bc2 g6 0-1